| 000 | 00332nam a2200133Ia 4500 | ||
|---|---|---|---|
| 008 | 230917s9999||||xx |||||||||||||| ||und|| | ||
| 040 |
_e100393 _aMAIN |
||
| 041 | _aEnglish | ||
| 082 | _a658.071 1 M72M | ||
| 245 | 0 | _aModern UGC NET: Management | |
| 260 |
_aNew Delhi _bAtlantic Publishers _c2003 |
||
| 300 | _a440 p. | ||
| 942 | _cBK | ||
| 999 |
_c121666 _d121666 |
||